000 00642nam a2200229Ia 4500
003 OSt
005 20220918200446.0
006 a|||||r|||| 00| 0
007 ta
008 220917b |||||||| |||| 00| 0 eng d
024 _a88,922
037 _cTextual
040 _aARTS
_cARTS
_beng
041 _2eng
_aeng
082 _aU42.542.e6Cv, M2 (906)
100 _aCarreira Antonio
_994197
245 0 _aPeople of the cape Verde Islands tr from portuguese ed by Christopher Fyee
260 _c1982
650 _aGEOGRAPHY
942 _hU42.542.e6Cv, M2 (906)
_cTEXL
_2CC
999 _c212592
_d212592